اسلامی تہزیب و ثقافت (Record no. 172289)

MARC details
000 -LEADER
fixed length control field 00490nam a22001817a 4500
005 - DATE AND TIME OF LATEST TRANSACTION
control field 20200131110832.0
010 ## - LCCN (DPL NO)
LC control number B-24527
020 ## - INTERNATIONAL STANDARD BOOK NUMBER
Terms of availability 100.00
035 ## - SYSTEM CONTROL NUMBER
System control number B-24527
037 ## - SOURCE OF ACQUISITION
Source of stock number/acquisition BPPD
082 ## - DEWEY DECIMAL CLASSIFICATION NUMBER
Classification number 939.49
245 ## - TITLE STATEMENT
Title اسلامی تہزیب و ثقافت
246 ## - VARYING FORM OF TITLE
Title proper/short title Islami Tehzeeb-u-Saqafat
260 ## - PUBLICATION, DISTRIBUTION, ETC. (IMPRINT)
Place of publication, distribution, etc Patna
Name of publisher, distributor, etc Khuda Baksh Oriental Public Library
Date of publication, distribution, etc 1999 ء
270 ## - ADDRESS
Address -
City -
Postal code -
300 ## - PHYSICAL DESCRIPTION
Extent 218p.
Dimensions 22cm(pbk)
942 ## - ADDED ENTRY ELEMENTS (KOHA)
Source of classification or shelving scheme Dewey Decimal Classification
Item type Urdu Bks
Classification part 939.49
Call number suffix ا س ل
Holdings
Withdrawn status Lost status Not for loan Collection code Home library Current library Date acquired Source of acquisition Cost, normal purchase price Full call number Barcode Copy number Cost, replacement price Koha item type
      Non-fiction Central Library Central Library 31/01/2020 BPPD/Ven. 100.00 939.49 ا س ل B-24527 1 100.00 Urdu Bks

© Delhi Public Library
Hit Counter
free hit counter